| 000 | 00463nmm a2200157Ia 4500 | ||
|---|---|---|---|
| 008 | 251105s9999||||xx |||||||||||||||||und|| | ||
| 020 | _a9789587384581 | ||
| 041 | _aspa | ||
| 100 | _aMedina Pabón, Juan Enrique | ||
| 245 | 0 |
_aDerecho civil : _b Aproximación al derecho |
|
| 264 |
_a[Bogotá, Colombia] : _bUniversidad del Rosario, _c2014 |
||
| 300 | _a824 páginas | ||
| 650 | _aLaw | ||
| 856 | _uhttps://public.digitaliapublishing.com/a/46330 | ||
| 942 | _cCF | ||
| 999 |
_c95784 _d95784 |
||